| 000 | 00393cam a22001217a 4500 | ||
|---|---|---|---|
| 008 | 180718b1957 xxu||||| |||| 00| 0 eng d | ||
| 082 | _aG5x54 In2d | ||
| 245 |
_aDirections by the speaker under the rules of procedure of Lok Sabha _cby Lok Sabha Secretariat |
||
| 250 | _a2nd. edn. | ||
| 260 |
_aNew Delhi _bLok Sabha Secretariat _c1957 |
||
| 300 | _a94+p | ||
| 700 | _aIndia. Lok Sabha Secretariat | ||
| 999 |
_c396783 _d396783 |
||